[Event "BL2-West 0708"]
[Site "Germany"]
[Date "2008.01.20"]
[Round "5.7"]
[White "Gallinnis, Norbert"]
[Black "Fischdick, Gisela"]
[Result "1/2-1/2"]
[WhiteElo "2307"]
[BlackElo "2230"]
[PlyCount "84"]
[EventDate "2007.10.21"]
[EventType "team-tourn"]
[EventRounds "9"]
[EventCountry "GER"]
[SourceTitle "EXT 2009"]
[Source "ChessBase"]
[SourceDate "2008.11.26"]
[SourceVersion "1"]
[SourceVersionDate "2008.11.26"]
[SourceQuality "1"]
[WhiteTeam "Koeln Porz"]
[BlackTeam "Gerresheim"]
[WhiteTeamCountry "GER"]
[BlackTeamCountry "GER"]

1. e4 c5 2. Na3 e6 3. Nf3 a6 4. g3 Nc6 5. Bg2 d6 6. 0-0 Nf6 7. d3 Be7 8. c3 0-0 9. Qe2 Qc7 10. Bf4 e5 11. Bd2 Re8 12. Nh4 Be6 13. Nc2 d5 14. Nf5 Bxf5 15. exf5 h6 16. Ne3 Rad8 17. Ng4 Kh7 18. Rfe1 Nxg4 19. Qxg4 Bf6 20. Rad1 Qd7 21. h4 Ne7 22. Bh3 Ng8 23. Qh5 Qe7 24. Re2 c4 25. dxc4 dxc4 26. Rde1 Qc7 27. Bg2 Rd7 28. Be4 Qd8 29. Be3 Kh8 30. Kg2 Rf8 31. Rh1 Be7 32. Qf3 b5 33. Ree1 Nf6 34. Bc2 Qa8 35. Qxa8 Rxa8 36. Rd1 Rad8 37. Rxd7 Rxd7 38. Kf3 Kg8 39. Rd1 Rxd1 40. Bxd1 Kf8 41. Bc2 Ke8 42. g4 Nd5 1/2-1/2

[Event "Vlissingen HZ op 07th"]
[Site "Vlissingen"]
[Date "2003.08.07"]
[Round "7"]
[White "Fischdick, Gisela"]
[Black "Ammerlaan, Richard"]
[Result "1/2-1/2"]
[WhiteElo "2261"]
[BlackElo "2096"]
[PlyCount "45"]
[EventDate "2003.08.02"]
[EventType "swiss"]
[EventRounds "9"]
[EventCountry "NED"]
[SourceTitle "CBM 095 Extra"]
[Source "ChessBase"]
[SourceDate "2003.09.04"]
[SourceVersion "1"]
[SourceVersionDate "2003.09.04"]
[SourceQuality "1"]

1. d4 Nf6 2. c4 e6 3. Nf3 b6 4. g3 Bb7 5. Bg2 Bb4+ 6. Bd2 Bxd2+ 7. Nbxd2 0-0 8. Qc2 d6 9. 0-0 Nbd7 10. e4 e5 11. d5 Ng4 12. b4 Nh6 13. Nh4 g6 14. Rac1 f5 15. exf5 Nxf5 16. Nhf3 Qe7 17. Ne4 Nf6 18. Rfd1 Nxe4 19. Qxe4 a5 20. a3 axb4 21. axb4 Ra4 22. Rb1 Rfa8 23. h4 1/2-1/2

[Event "Oberliga NRW 0203 I"]
[Site "Germany"]
[Date "2002.11.10"]
[Round "2.4"]
[White "Fischdick, Gisela"]
[Black "Wisskirchen, Andreas"]
[Result "1/2-1/2"]
[WhiteElo "2213"]
[BlackElo "2252"]
[PlyCount "53"]
[EventDate "2002.10.06"]
[EventType "team"]
[EventRounds "9"]
[EventCountry "GER"]
[SourceTitle "EXT 2004"]
[Source "ChessBase"]
[SourceDate "2003.11.25"]
[SourceVersion "1"]
[SourceVersionDate "2003.11.25"]
[SourceQuality "1"]
[WhiteTeam "Elberfeld"]
[BlackTeam "Koeln KKS"]
[WhiteTeamCountry "GER"]
[BlackTeamCountry "GER"]

1. d4 d5 2. Nf3 Nf6 3. Bf4 c6 4. e3 Bf5 5. c4 Qb6 6. Qb3 Qxb3 7. axb3 Nbd7 8. Nc3 e6 9. c5 a6 10. b4 Rc8 11. h3 Ne4 12. Nd2 Nxd2 13. Kxd2 Be7 14. g4 Bg6 15. h4 h5 16. g5 0-0 17. Bh3 Rfe8 18. Rhg1 Nf8 19. Na4 Nd7 20. Bh2 Bd8 21. Nc3 Bc7 22. Bxc7 Rxc7 23. f4 Nb8 24. Bf1 Bf5 25. Be2 g6 26. Bf3 Rd8 27. Be2 1/2-1/2

[Event "Oberliga NRW 0001 I"]
[Site "NRW"]
[Date "2001.01.14"]
[Round "5.3"]
[White "Homann, Stefan"]
[Black "Fischdick, Gisela"]
[Result "1-0"]
[WhiteElo "2230"]
[BlackElo "2251"]
[PlyCount "69"]
[EventDate "2000.09.24"]
[EventType "team"]
[EventRounds "9"]
[EventCountry "GER"]
[SourceTitle "EXT 2006"]
[Source "ChessBase"]
[SourceDate "2005.11.24"]
[SourceVersion "1"]
[SourceVersionDate "2005.11.24"]
[SourceQuality "1"]
[WhiteTeam "Lippstadt Turm"]
[BlackTeam "Elberfeld"]
[WhiteTeamCountry "GER"]
[BlackTeamCountry "GER"]

1. d4 d5 2. c4 c6 3. Nf3 Nf6 4. Nc3 a6 5. g3 e6 6. Bg2 Be7 7. 0-0 0-0 8. Ne5 Nbd7 9. Nxd7 Nxd7 10. e4 dxe4 11. Nxe4 Nf6 12. Nc3 Qc7 13. Bf4 Bd6 14. Bg5 Be7 15. Qe2 h6 16. Bf4 Bd6 17. Be5 Nd7 18. f4 f5 19. c5 Bxe5 20. fxe5 Qd8 21. Qc4 Qe7 22. b4 g6 23. a4 Rd8 24. b5 Nb8 25. bxc6 bxc6 26. a5 Ra7 27. Rab1 Bb7 28. Rb6 Rd7 29. Ne2 Qf7 30. Nf4 Re7 31. Rfb1 g5 32. Nxe6 Rxe6 33. Rxb7 Rxb7 34. Rxb7 Qxb7 35. Qxe6+ 1-0

[Event "Oberliga NRW 9900 II"]
[Site "Germany"]
[Date "2000.01.19"]
[Round "4.3"]
[White "Fischdick, Gisela"]
[Black "Schiffer, Kai Uwe"]
[Result "1-0"]
[WhiteElo "2235"]
[BlackElo "2325"]
[PlyCount "79"]
[EventDate "1999.10.26"]
[EventType "team"]
[EventRounds "9"]
[EventCountry "GER"]
[SourceTitle "EXT 2001"]
[Source "ChessBase"]
[SourceDate "2000.11.22"]
[SourceVersion "1"]
[SourceVersionDate "2000.11.22"]
[SourceQuality "1"]
[WhiteTeam "Elberfeld"]
[BlackTeam "Wuppertal"]
[WhiteTeamCountry "GER"]
[BlackTeamCountry "GER"]

1. d4 e6 2. Nf3 f5 3. g3 Nf6 4. Bg2 Be7 5. 0-0 0-0 6. b3 a5 7. c4 d5 8. cxd5 exd5 9. Nc3 Ne4 10. Qc2 Be6 11. Bb2 Nd7 12. e3 c6 13. Ne2 Bd6 14. Ne5 Qf6 15. f3 Ng5 16. Rae1 Nxe5 17. dxe5 Bxe5 18. Ba3 Nf7 19. Bxf8 Rxf8 20. Qc5 Ra8 21. Rd1 Bd6 22. Qc2 g5 23. Nd4 Bd7 24. e4 f4 25. exd5 fxg3 26. dxc6 gxh2+ 27. Kh1 bxc6 28. Rfe1 Rf8 29. Qc4 Kh8 30. Ne6 Rg8 31. Nc5 Bf5 32. Ne4 Bxe4 33. Qxe4 Bf4 34. Rd7 Rf8 35. Bh3 Qh6 36. Qd4+ Kg8 37. Be6 Qh4 38. Bxf7+ Rxf7 39. Re8+ Rf8 40. Qg7# 1-0

[Event "BL 0001 (Women)"]
[Site "Germany"]
[Date "2000.??.??"]
[Round "3.3"]
[White "Fischdick, Gisela"]
[Black "Jahn, Constanze"]
[Result "0-1"]
[WhiteElo "2251"]
[BlackElo "2138"]
[PlyCount "100"]
[EventDate "2000.10.??"]
[EventType "team-tourn"]
[EventRounds "11"]
[EventCountry "GER"]
[SourceTitle "CBM 082 Extra"]
[Source "ChessBase"]
[SourceDate "2001.07.03"]
[SourceVersion "1"]
[SourceVersionDate "2001.07.03"]
[SourceQuality "1"]
[WhiteTeam "Heiligenhaus (W)"]
[BlackTeam "Halle USV (W)"]
[WhiteTeamCountry "GER"]
[BlackTeamCountry "GER"]

1. d4 Nf6 2. c4 e6 3. g3 Bb4+ 4. Bd2 Qe7 5. Bg2 Nc6 6. Nf3 d5 7. 0-0 Bxd2 8. Nbxd2 0-0 9. Rc1 Rd8 10. e3 Ne4 11. Nxe4 dxe4 12. Nd2 f5 13. a3 a5 14. Qe2 Qf6 15. Rfd1 e5 16. d5 Ne7 17. Nb1 b6 18. Nc3 Ba6 19. Bf1 Nc8 20. Nb5 Qe7 21. c5 bxc5 22. Qc2 Nd6 23. Qxc5 Bxb5 24. Bxb5 f4 25. Bf1 Qg5 26. exf4 exf4 27. Qd4 Rd7 28. Bh3 Re7 29. Be6+ Kh8 30. Rc3 Nb5 31. Qxe4 Nxc3 32. bxc3 Rf8 33. Rd3 fxg3 34. hxg3 Qf6 35. Qe3 c6 36. c4 cxd5 37. cxd5 g6 38. Kg2 Rc7 39. f4 Rc2+ 40. Kh3 h5 41. Rd2 Rxd2 42. Qxd2 Qa1 43. Kh4 Qxa3 44. Qd4+ Kh7 45. d6 Rd8 46. Qf6 Qxd6 47. Kg5 Qc5+ 48. f5 Qe3+ 49. Kh4 Qe4+ 50. Kg5 Qg4# 0-1

[Event "Oberliga NRW 9900 II"]
[Site "Germany"]
[Date "1999.12.20"]
[Round "3.3"]
[White "Fischdick, Gisela"]
[Black "Wisskirchen, Andreas"]
[Result "1-0"]
[WhiteElo "2235"]
[BlackElo "2285"]
[PlyCount "111"]
[EventDate "1999.10.26"]
[EventType "team"]
[EventRounds "9"]
[EventCountry "GER"]
[SourceTitle "EXT 2001"]
[Source "ChessBase"]
[SourceDate "2000.11.22"]
[SourceVersion "1"]
[SourceVersionDate "2000.11.22"]
[SourceQuality "1"]
[WhiteTeam "Elberfeld"]
[BlackTeam "Koeln KKS"]
[WhiteTeamCountry "GER"]
[BlackTeamCountry "GER"]

1. d4 Nf6 2. c4 g6 3. Nc3 Bg7 4. e4 d6 5. f3 0-0 6. Nge2 e5 7. Bg5 c6 8. d5 h6 9. Be3 cxd5 10. cxd5 Kh7 11. Qd2 a6 12. Ng3 b5 13. Bd3 Nbd7 14. 0-0 Nb6 15. b3 Nfd7 16. Rac1 Nc5 17. Bb1 Bd7 18. Nd1 h5 19. Nb2 a5 20. Nd3 Nxd3 21. Bxd3 b4 22. Rc2 Nc8 23. Rfc1 Na7 24. Rc7 Nb5 25. Bxb5 Bxb5 26. Nh1 Qb8 27. Nf2 Kg8 28. g4 h4 29. g5 Ba6 30. Ng4 Qb5 31. R7c4 Qd7 32. Rc6 Qe7 33. Qf2 Rfc8 34. Qxh4 Rxc6 35. Rxc6 Bb5 36. Nf6+ Kf8 37. Rc1 Ba6 38. Bb6 Rc8 39. Rc6 Bb7 40. Nh7+ Kg8 41. Nf6+ Kf8 42. Qg4 Rxc6 43. dxc6 Bxc6 44. Qc8+ Be8 45. Qxe8+ Qxe8 46. Nxe8 Kxe8 47. Bxa5 d5 48. Bxb4 d4 49. Kf2 f5 50. Ke2 fxe4 51. fxe4 Kd7 52. Kd3 Kc6 53. a4 Kb6 54. Kc4 Ka6 55. Be7 Kb6 56. Bf6 1-0

[Event "Oberliga NRW 9900 II"]
[Site "Germany"]
[Date "1999.11.22"]
[Round "2.3"]
[White "Steinbacher, Matthias"]
[Black "Fischdick, Gisela"]
[Result "1-0"]
[WhiteElo "2360"]
[BlackElo "2235"]
[PlyCount "117"]
[EventDate "1999.10.26"]
[EventType "team"]
[EventRounds "9"]
[EventCountry "GER"]
[SourceTitle "EXT 2001"]
[Source "ChessBase"]
[SourceDate "2000.11.22"]
[SourceVersion "1"]
[SourceVersionDate "2000.11.22"]
[SourceQuality "1"]
[WhiteTeam "Aachen"]
[BlackTeam "Elberfeld"]
[WhiteTeamCountry "GER"]
[BlackTeamCountry "GER"]

1. c4 c5 2. g3 g6 3. Bg2 Bg7 4. Nc3 Nc6 5. Nf3 e5 6. a3 d6 7. 0-0 Nge7 8. b4 0-0 9. bxc5 dxc5 10. Rb1 b6 11. d3 Bb7 12. Bd2 Rb8 13. Nb5 h6 14. a4 a6 15. Nc3 a5 16. Nb5 Nb4 17. Qc1 Kh7 18. Bc3 Nec6 19. Rb2 Qe7 20. Qe3 f5 21. Nd2 Rbe8 22. Nb3 Ba8 23. f4 Qd7 24. Qf2 Re7 25. Rd2 Nd4 26. N5xd4 exd4 27. Bxb4 axb4 28. Ra1 Qd6 29. a5 Ra7 30. Rda2 Bxg2 31. Qxg2 Rc8 32. axb6 Rxa2 33. Rxa2 Qxb6 34. Qd5 Qc7 35. Ra6 Qe7 36. Kf1 Re8 37. Qf3 Bf8 38. Rb6 Kh8 39. Rb7 Qd6 40. Ra7 Qe6 41. Ke1 h5 42. Kd1 Qe3 43. Qxe3 Rxe3 44. Ra6 Kh7 45. Nd2 Re7 46. Rb6 Ra7 47. Ke1 Ra1+ 48. Kf2 Rd1 49. Nf3 Rb1 50. Ng5+ Kh6 51. Rb7 Bg7 52. Ne6 Bf6 53. h4 b3 54. Nxc5 b2 55. Na4 Ra1 56. Nxb2 Bd8 57. c5 Ba5 58. Nc4 Be1+ 59. Kf3 1-0

[Event "Oberliga NRW 9900 II"]
[Site "Germany"]
[Date "1999.10.26"]
[Round "1.3"]
[White "Fischdick, Gisela"]
[Black "Wyrwich, Thomas"]
[Result "1/2-1/2"]
[WhiteElo "2235"]
[BlackElo "2235"]
[PlyCount "50"]
[EventDate "1999.10.26"]
[EventType "team"]
[EventRounds "9"]
[EventCountry "GER"]
[SourceTitle "EXT 2001"]
[Source "ChessBase"]
[SourceDate "2000.11.22"]
[SourceVersion "1"]
[SourceVersionDate "2000.11.22"]
[SourceQuality "1"]
[WhiteTeam "Elberfeld"]
[BlackTeam "Bochum II"]
[WhiteTeamCountry "GER"]
[BlackTeamCountry "GER"]

1. d4 e6 2. g3 c5 3. Bg2 cxd4 4. Qxd4 Nf6 5. Nf3 Nc6 6. Qd1 Be7 7. 0-0 0-0 8. c4 d6 9. Nc3 a6 10. b3 Qc7 11. Bb2 Rb8 12. Rc1 Na7 13. e4 b6 14. Qe2 Nd7 15. Rfd1 Bb7 16. h4 Rfe8 17. Ng5 h6 18. Nh3 Rbd8 19. Nf4 Qb8 20. Nh5 Nf6 21. Na4 Nxh5 22. Qxh5 b5 23. cxb5 axb5 24. Qg4 Bf8 25. Nc3 Ba8 1/2-1/2